[Event "GER-ch Net qual2 U18"]
[Site "Playchess.com INT"]
[Date "2009.05.13"]
[Round "4"]
[White "Hilgendorf, Ian"]
[Black "Hirschmann, Jakob"]
[Result "0-1"]
[WhiteElo "1522"]
[BlackElo "1766"]
[PlyCount "100"]
[EventDate "2009.05.13"]
[EventType "swiss (blitz)"]
[EventRounds "7"]
[EventCountry "GER"]
[SourceTitle "CBM 130 Extra"]
[Source "ChessBase"]
[SourceDate "2009.07.02"]
[SourceVersion "2"]
[SourceVersionDate "2009.07.15"]
[SourceQuality "1"]

1. e4 e6 2. d4 d5 3. Bd3 Nc6 4. Ne2 b6 5. 0-0 Be7 6. Nbc3 Nf6 7. exd5 Nxd5 8. Nxd5 exd5 9. Bf4 Bd6 10. Qd2 Qf6 11. c3 0-0 12. Rfe1 Bg4 13. Bxd6 Qxd6 14. Nf4 Rfe8 15. h3 Be6 16. Re2 Re7 17. Rae1 Rae8 18. Nxe6 Rxe6 19. Rxe6 Rxe6 20. Rxe6 Qxe6 21. Qe2 Qxe2 22. Bxe2 f5 23. Bb5 Ne7 24. Bd7 c5 25. dxc5 bxc5 26. Kf1 Kf7 27. Ke2 Kf6 28. f4 Ng8 29. Ke3 g6 30. b4 Ke7 31. Bc8 Kd6 32. Kd3 Nf6 33. a4 Ne4 34. a5 Nf2+ 35. Ke2 Ne4 36. Kd3 c4+ 37. Kd4 Nd2 38. Ba6 Nb3+ 39. Ke3 Nc1 40. Bb5 Nd3 41. Be8 Ne1 42. Kf2 Nd3+ 43. Ke3 Nb2 44. Bf7 Na4 45. Kd4 Nb2 46. Bg8 h6 47. Bh7 g5 48. Bxf5 gxf4 49. Bg4 Nd3 50. Bf5 Ne1 0-1